| 000 | 00553cam a2200193 a 4500 | ||
|---|---|---|---|
| 001 | 000003090 | ||
| 005 | 20200929150327.0 | ||
| 008 | 990323s1998 mx 000 f spa | ||
| 020 | _a9681903579 | ||
| 040 |
_aDO-SdBNP _cZCU _dDLC |
||
| 082 |
_aM863. 44 _bS684s |
||
| 100 | 1 |
_aSolares, Ignacio, _d1945- _99756 |
|
| 245 | 1 | 3 |
_aEl sitio / _cIgnacio Solares. |
| 260 |
_aMéxico, D.F. : _bAlfaguara, _c1998. |
||
| 300 |
_a290 p. ; _c22 cm. |
||
| 650 | 4 |
_aNovela mexicana _93959 |
|
| 650 | 4 |
_aLiteratrura mexicana _99757 |
|
| 910 | _aCatalogación por copia / LC | ||
| 999 |
_c2921 _d2921 |
||